| 000 | 00842cab a2200253 4500 | ||
|---|---|---|---|
| 001 | WB3007-20 | ||
| 008 | 090401t1994 xxu||||| |||| 00| 0 eng d | ||
| 035 | _a(Sirsi) u71530 | ||
| 041 | _aeng | ||
| 245 | _aRICS go to underwriting agency | ||
| 260 | _c1994 | ||
| 350 | _a0 | ||
| 490 |
_aRICS Press Release _v(PR20/94CORP) 15 February 1994 (2) |
||
| 520 | _aRICS is to terminate its broking agreement with RICS Insurance Services Ltd and is making arrangements for a dedicated underwriting agency to be available to meet the requirements of members. | ||
| 650 | _aASSIGNED RISK POOL | ||
| 650 | _aABOUT RICS-RICS MEMBERS | ||
| 650 | _aPROFESSIONAL INDEMNITY INSURANCE | ||
| 650 | _aRICS INSURANCE SERVICES LTD | ||
| 650 | _aRICS | ||
| 650 | _aRUN-OFF COVER | ||
| 690 |
_aInsurance _96249 |
||
| 942 | _n0 | ||
| 948 | _c04/03/1997 | ||
| 999 |
_c45110 _d45110 |
||